| 000 | 00468nam a2200169Ia 4500 | ||
|---|---|---|---|
| 003 | LK-CoDNM | ||
| 005 | 20240724141415.0 | ||
| 008 | 010623t1923 xxu||||| |||| 00| 1 eng d | ||
| 040 |
_aLK-CoDNM _dLK-CoDNM _eLK-CoDNM |
||
| 041 | _aeng | ||
| 080 |
_a8 _bT3 |
||
| 100 | _aRocke,L.Leland. | ||
| 245 | _aThe ancient Quipu or Peruvian knot Record | ||
| 260 |
_bThe American Museum of natural History _aNew York _c1923 |
||
| 300 | _b84p. : ill , map ; 26 cm | ||
| 942 | _cBK | ||
| 999 |
_c91579 _d91579 |
||